| 000 | 00444nam a22001457a 4500 | ||
|---|---|---|---|
| 008 | 160929b xxu||||| |||| 00| 0 eng d | ||
| 020 | _a9712711641 | ||
| 082 |
_22002 _aDFil 899.2101 _bAn8 |
||
| 100 |
_915445 _aAntonio, Teo T. |
||
| 245 |
_aMga tula sa pag-ibig/ _cTeo T. Antonio |
||
| 260 |
_aPasig City: _bAnvil Publishing, Inc., _cc2002. |
||
| 300 |
_av, 131 pages; _c21 cm. |
||
| 650 | 0 |
_915447 _aFilipino poetry _xCollections |
|
| 942 |
_2ddc _cDFIL |
||
| 999 |
_c4903 _d4903 |
||